| 000 | 00341 a2200109 4500 | ||
|---|---|---|---|
| 001 | ART_58531 | ||
| 005 | 20260410161948.0 | ||
| 008 | 260409a | ||
| 245 | 1 | 0 | _aBreves reflexiones sobre el programa Puente al Empleo |
| 100 | 1 | _aFavier, Daniela | |
| 773 | 0 |
_tTemas de derecho laboral _g- Año 9, N° 6 (jun. 2023) _wREV27619 |
|
| 999 |
_c30092 _d30092 |
||